Normal view
MARC view
- De Michele, Vincenzo
Entry Personal Name
001 - CONTROL NUMBER
- control field: 42074
003 - CONTROL NUMBER IDENTIFIER
- control field: NUST
005 - DATE AND TIME OF LATEST TRANSACTION
- control field: 20210314132215.0
008 - FIXED-LENGTH DATA ELEMENTS
- fixed length control field: 210314|| aca||aabn | a|a d
040 ## - CATALOGING SOURCE
- Original cataloging agency: NUST
- Transcribing agency: NUST
100 ## - HEADING--PERSONAL NAME
- Personal name: De Michele, Vincenzo
670 ## - SOURCE DATA FOUND
- Source citation: Work cat.: (NUST): De Michele, Vincenzo., The world of minerals [translated from the Italian], 1972.
